Nauč sa čítať v ľuďoch ako v knihách

Saved in:
Bibliographic Details
Main Author King, Patrick
Format Electronic eBook
LanguageCzech
Published Grada SK 2024
Edition1. elektronické vydání
Subjects
Online AccessDostupné v BOOKPORT po přihlášení pomocí eduID
ISBN978-80-8090-771-6
978-80-8090-769-3
Physical Description1 online zdroj (184 stran)

Cover

LEADER 00000nam a2200000 i 4500
001 bkp100291
003 CZ-prgp
005 20241014103534.0
006 m o d
007 cr cn
008 241014s2024 xr o 000 0 cze
020 |a 978-80-8090-771-6  |c 372 Kč  |q (online ; epub) 
020 |a 978-80-8090-769-3  |c 437 Kč  |q (print) 
040 |a Grada  |b cze  |e rda 
100 1 |a King, Patrick 
245 1 0 |a Nauč sa čítať v ľuďoch ako v knihách  |c Patrick King 
250 |a 1. elektronické vydání 
264 1 |b Grada SK  |c 2024 
300 |a 1 online zdroj (184 stran) 
336 |a text  |b txt  |2 rdacontent 
337 |a počítač  |b c  |2 rdamedia 
338 |a online zdroj  |b cr  |2 rdacarrier 
520 3 |a Je možné analyzovať ľudí bez toho, aby nepovedali ani slovo? Áno, je. Naučte sa, ako "čítať myšlienky" a nadviazať hlboké spojenia. Odhaľte lži v každodennom živote a pochopte, ako funguje ľudská psychika. 
650 0 4 |a Komunikace 
856 4 0 |u https://www.bookport.cz/AccountSaml/SignIn/?idp=https://shibboleth.utb.cz/idp/shibboleth&returnUrl=/kniha/nauc-sa-citat-v-ludoch-ako-v-knihach-14075/  |y Dostupné v BOOKPORT po přihlášení pomocí eduID